Relación del descubrimiento y conquista de los reinos del Perú y del gobierno y orden que los naturales tenían, y tesoros que en ella se hallaron, y de las demás cosas que en el han subcedido hasta el día de la fecha

Đã lưu trong:
Chi tiết về thư mục
Tác giả chính: Pizarro, Pedro (Tác giả)
Định dạng: Sách
Ngôn ngữ:Tiếng Tây Ban Nha
Được phát hành: Buenos Aires Futuro 1944
Những chủ đề:
Các nhãn: Thêm thẻ
Không có thẻ, Là người đầu tiên thẻ bản ghi này!

MARC

LEADER 00000nam a2200000 a 4500
001 UCO3259
003 CL-VaPUC
008 000714e19440000AG |||||||||||||||||spa|d
082 0 4 |a 985.02  |b PIZ  |2 21 
100 0 |a Pizarro, Pedro  |e author  |9 447290 
245 1 0 |a Relación del descubrimiento y conquista de los reinos del Perú y del gobierno y orden que los naturales tenían, y tesoros que en ella se hallaron, y de las demás cosas que en el han subcedido hasta el día de la fecha 
300 |a 211 p 
942 |c BK 
945 |d 20000714 00:00:00  |a rherrera 
260 |a Buenos Aires  |b Futuro  |c 1944 
650 7 |a HISTORIA DE PERU SIGLO 16  |2 CL-VaPUC  |9 344287 
650 7 |a DESCUBRIMIENTO Y CONQUISTA DE PERU  |2 CL-VaPUC  |9 447291 
650 7 |a CONQUISTADORES  |2 CL-VaPUC  |9 447292 
651 0 |a Perú  |9 256567 
583 |a last modification  |c 20160817 05:04:05  |k Rodrigo Vera 
999 |c 289727  |d 289725 
952 |0 0  |1 0  |4 0  |6 985_020000000000000_PIZ_1944  |7 0  |8 X  |9 338346  |a BIBHIS  |b BIBHIS  |d 2019-11-20  |i 1297279  |o 985.02 PIZ 1944  |p 1297279  |r 2024-01-30  |w 2019-11-20  |y BK_X  |k HIS